Statistiques concernant Géographie européenne par lettre - O

Cliquez ici pour prendre le quiz!

Statistiques générales

  • Ce quiz a été pris 568 fois
  • Le résultat moyen est 10 sur 20

Statistiques - réponses

indicerépondre% Correct
L'aéroport domestique le plus occupé de FranceOrly
94%
Les trois plus grands producteurs mondiaux
sont l’Espagne, l’Italie et la Grèce
huile d'{olive}
90%
Université la plus ancienne en AngleterreOxford
90%
5ème capitale la plus septentrionale du mondeOslo
88%
Beauvais est la capitale de ce département Oise
75%
Ville sur la LoireOrléans
75%
Cette foire bavaroise commence chaque septembreOktoberfest
71%
Plus haute montagne de GrèceOlympe
71%
Département le moins peuplé de NormandieOrne
66%
Autriche en allemandÖsterreich
56%
Port ukrainienOdessa
54%
Ville balnéaire belgeOstende
35%
Le roi hollandais est aussi prince de ?Orange-Nassau
28%
Unité administrative de type région
existant en Russie et Ukraine
oblast
25%
Fleuve où l'Allemagne rencontre la PologneOder
24%
Archipel écossais localement connu comme OrkneyOrcades
12%
La plus grande ville du nord de la FinlandeOulu
11%
Détroit (et pont) séparant Copenhague de la SuèdeØresund
9%
La plus grande ville de Slavonie,
au nord-est de la Croatie
Osijek
5%
Ville bavaroise où la « Le Jeu de la Passion »
est jouée tous les 10 ans
Oberammergau
1%

Distribution des résultats

Percentile par nombre de réponses

% des personnes avec chaque résultat

Votre développement - résultats

Vous n’avez pas pris ce quiz